000 00430nam a2200169Ia 4500
003 GCL
008 140319s9999 xx 000 0 ara d
040 _aGCL /
_cGCL
082 0 4 _a813.03
_bى ا
100 1 _aيوسف السباعى
245 1 0 _aاقوى من الزمن /
_cيوسف السباعى
300 _a208 ص
490 _a
650 0 4 _aالادب العربى
650 0 4 _aالمسرحيات
942 _2ddc
_cBK
999 _c38335
_d38335